MARC

LEADER 00000nam0a2200000 4500
001 115736
005 20231101215300.0
020 |a RU  |b 84-21658 
035 |a (RuTPU)RU\TPU\book\125176 
090 |a 115736 
100 |a 20070514d1984 d y0rusy5003 ca 
101 0 |a rus 
102 |a RU 
105 |a a z 000ay 
200 1 |a Материнское поле; Прощай, Гульсары!  |e повести  |f Ч. Т. Айтматов  |g худож. П. Пинкисевич 
210 |a Москва  |c Детская литература  |d 1984 
215 |a 224 с.  |c ил. 
225 1 |a Школьная библиотека 
606 1 |a Киргизская литература  |2 stltpush  |3 (RuTPU)RU\TPU\subj\14393  |9 40792 
610 1 |a советская литература 
610 1 |a повести 
610 1 |a Великая Отечественная война 1941-1945 
610 1 |a послевоенные годы 
675 |a 894.341  |v 3 
700 1 |a Айтматов  |b Ч. Т.  |c народный писатель Киргизии  |f 1928-  |g Чингиз Торекулович  |2 stltpush  |3 (RuTPU)RU\TPU\pers\8083  |9 1573 
702 1 |a Пинкисевич  |b П.  |4 440 
801 0 |a RU  |b RuMRKP  |c 19950704  |g psbo 
801 1 |a RU  |b 63413507  |c 20070514  |g PSBO 
801 2 |a RU  |b 63413507  |c 20200519  |g PSBO 
942 |c BK